000 01005nam a2200193Ia 4500
999 _c8765
_d8765
005 20241213093648.0
008 230725s9999 xx 000 0 und d
040 _aUPAN
_cBiblioteca San Vicente
_eRCAA2
041 _aspa
082 _a371.3
_bG178s
_c2003
100 _aGalo de Lara, Carmen Maria
_4aut.
245 0 _aSituaciones y destrezas didácticas./
_cCarmen Maria Galo de Lara
250 _a2ª ed.
260 _aGuatemala:
_bPiedra santa,
_c2003
300 _a84 p.;
_c21 cm.
505 _a- Introducción. - Objetivos y Metodología. - Situación didáctica: DAR UNA CLASE. - Bibliografía. . Destreza: ENSEÑANZA DE UN CONCEPTO. - Bibliografía. . Situación: CONVERSACIÓN DIDÁCTICA. - Bibliografía. . Destreza: INTERROGAMIENTO. - Bibliografía. . Destreza: REFORZAMIENTO POSITIVO. - Bibliografía. . Destreza: DESCRIPCIÓN DE LA CONDUCTA. - Bibliografía. . Destreza: PARAFRASEAR. - Bibliografía.
650 _2LEMB
_aDesestrés
_xEnseñanza
942 _cBK
_2ddc